شهيدة العشق الألهي: (Record no. 6784)
[ view plain ]
| 000 -الفاتح | |
|---|---|
| حقل البيانات ثابتة الطول | 00963nac a22002171u 4500 |
| 008 - عناصر البيانات ثابتة الطول - معلومات عامة | |
| حقل البيانات ثابتة الطول | 100810s Ua||||| |||| 001 0 ara d |
| 082 ## - رقم تصنيف ديوى العشرى | |
| رقم المادة | ب د و |
| رقم التصنيف | 269.92 |
| 100 ## - المدخل الرئيسى - إسم شخصى | |
| الإسم الشخصى | بدوي،عبد الرحمن |
| 9 (RLIN) | 16353 |
| 245 ## - بيان العنوان | |
| العنوان | شهيدة العشق الألهي: |
| بقية العنوان | رابعة العدوية/ |
| بيان المسئوليه,etc | عبدالرحمن بدوي |
| 260 ## - PUBLICATION, DISTRIBUTION, ETC. (IMPRINT) | |
| مكان الناشر او الموزع | القاهرة: |
| اسم الناشر او الموزع | مكتبة النهضة المصرية،[د.ت] |
| تاريخ النشر أو التوزيع | [د.ت] |
| 300 ## - الوصف المادى | |
| التعداد | 190 ص؛ |
| أبعاد الوعاء | 24 سم |
| 490 ## - بيان السلسلة | |
| -- | 16364 |
| عنوان السلسلة | ؛دراسات اسلامية |
| -- | 8 |
| 500 ## - تبصرة عامة | |
| تبصرة عامة | يشتمل علي كشاف |
| 511 ## - | |
| -- | Catalogued by: Sara |
| 541 ## - تبصرة المصدر المباشر للتزويد | |
| مصدر التزويد | ألف باء |
| طريقة التزويد | شراء |
| 600 ## - المدخل الاضافى بالموضوع-اسم شخصى | |
| 9 (RLIN) | 22405 |
| الإسم الشخصى | رابعة العدوية |
| 650 ## - المدخل الاضافى بالموضوع-مصطلح موضوعى | |
| مصطلح موضوعي أو اسم جغرافي كعنصر مدخل | التصوف الإسلامي |
| 9 (RLIN) | 16733 |
| 650 ## - المدخل الاضافى بالموضوع-مصطلح موضوعى | |
| مصطلح موضوعي أو اسم جغرافي كعنصر مدخل | المتصوفون |
| 9 (RLIN) | 16077 |
| 942 ## - عناصر المدخل الإضافي( كوها) | |
| Koha [default] item type | Book - Borrowing |
| سابقة رقم الطلب | 296.92 ب د و |
| مصدر التصنيف او مخطط الترفيف | Dewey Decimal Classification |
| حالة التراجع | حالة الفقد | مصدر التصنيف او خطة الترفيف | حالة تلف | ليس للاعارة | مجموعات كوها | المكان الدائم | المكان الحالي | موقع الترفيف | تاريخ الاكتساب | Source of acquisition | رقم الاستدعاء | الباركود | Date last seen | نوع الوعاء |
|---|---|---|---|---|---|---|---|---|---|---|---|---|---|---|
| Dewey Decimal Classification | Alef-Baa | Central Library | Central Library | Lower Floor | 10/08/2010 | 269.92 ب د و | 000008434 | 15/07/2025 | Book - Borrowing |